| 000 | 01399cam a2200385 i 4500 | ||
|---|---|---|---|
| 003 | EG-ScBUE | ||
| 005 | 20250717090654.0 | ||
| 008 | 020701t2002 gw a f b 001 0 eng d | ||
| 020 | _a3527303987 | ||
| 020 | _a9783527303984 | ||
| 035 | _a(OCoLC)ocm50095235 | ||
| 040 |
_aCUS _beng _erda _cCUS _dDLC _dEG-ScBUE |
||
| 082 | 0 | 4 |
_a541.3724 _222 _bSEM |
| 245 | 0 | 0 |
_aSemiconductor electrodes and photoelectrochemistry / _cedited by S. Licht. |
| 264 | 1 |
_aWeinheim : _bWiley-VCH, _c[2002] |
|
| 264 | 4 | _cc2002 | |
| 300 |
_ax, 597 pages : _billustrations ; _c25 cm. |
||
| 336 |
_2rdacontent _atext _btxt |
||
| 337 |
_aunmediated _2rdamedia _bn |
||
| 338 |
_avolume _bnc _2rdacarrier |
||
| 490 | 0 |
_aEncyclopedia of electrochemistry ; _v6. |
|
| 504 | _aIncludes bibliographical references and index. | ||
| 650 | 7 |
_aElectrodes, Oxide. _2BUEsh |
|
| 650 | 7 |
_aSemiconductors. _2BUEsh |
|
| 650 | 7 |
_aSolar cells _xResearch. _2BUEsh |
|
| 650 | 7 |
_aPhotoelectrochemistry. _2BUEsh |
|
| 651 | _2BUEsh | ||
| 653 |
_bPPhrm _cApril2018 |
||
| 655 | _vReading book | ||
| 700 | 1 |
_aLicht, S. _q(Stuart) _eeditor. _93982 |
|
| 856 | 4 | 2 |
_3Publisher description _uhttp://www.loc.gov/catdir/description/wiley037/2002524707.html |
| 856 | 4 | 1 |
_3Table of contents _uhttp://www.loc.gov/catdir/toc/wiley031/2002524707.html |
| 856 | 4 | 2 |
_3Book review (E-STREAMS) _uhttp://www.e-streams.com/es0511/es0511_2163.html |
| 942 |
_2ddc _cBB |
||
| 999 |
_c26551 _d26523 |
||